Uso de la tecnología de componentes en Costa Rica
Guardado en:
| 主要作者: | |
|---|---|
| 格式: | 圖書 |
| 出版: |
San José, Costa Rica
1991
|
| 主題: | |
| 標簽: |
添加標簽
沒有標簽, 成為第一個標記此記錄!
|
MARC
| LEADER | 00000nam a2200000Ia 4500 | ||
|---|---|---|---|
| 003 | 005139 | ||
| 005 | 20221231144330.0 | ||
| 008 | 140114s1991 cr a m 000 ||s d | ||
| 040 | |c cru CEDI | ||
| 090 | |a TFG 2443 | ||
| 100 | |a Umaña Larios, Ricardo |9 12849 | ||
| 245 | |a Uso de la tecnología de componentes en Costa Rica | ||
| 260 | |c 1991 |a San José, Costa Rica | ||
| 300 | |a ii, 74 hojas : ilustraciones ; 28 cm. | ||
| 500 | |a Proyecto de graduación (licenciatura en ingeniería mecánica)--Universidad de Costa Rica. Facultad de Ingeniería. Escuela de Ingeniería Mecánica | ||
| 650 | |x COSTA RICA - MANUFACTURAS |9 12850 | ||
| 942 | |c TFG |2 ddc | ||
| 999 | |c 20274 |d 20274 | ||
